The Norton anthology of English literature
Αποθηκεύτηκε σε:
| Μορφή: | Βιβλίο |
|---|---|
| Γλώσσα: | Undetermined |
| Έκδοση: |
New York
Norton
2012
|
| Θέματα: | |
| Ετικέτες: |
Προσθήκη ετικέτας
Δεν υπάρχουν, Καταχωρήστε ετικέτα πρώτοι!
|
| Thư viện lưu trữ: | Trung tâm Học liệu Trường Đại học Cần Thơ |
|---|
| LEADER | 00482nam a2200169Ia 4500 | ||
|---|---|---|---|
| 001 | CTU_225008 | ||
| 008 | 210402s9999 xx 000 0 und d | ||
| 082 | |a 810.8 | ||
| 082 | |b N882/Vol.E | ||
| 245 | 4 | |a The Norton anthology of English literature | |
| 245 | 0 | |c Nina Baym, Robert S. Levine | |
| 260 | |a New York | ||
| 260 | |b Norton | ||
| 260 | |c 2012 | ||
| 650 | |a American literature.,Văn học Mỹ | ||
| 910 | |a Tuyen | ||
| 980 | |a Trung tâm Học liệu Trường Đại học Cần Thơ | ||